| 000 | 00894nam a2200229 i 4500 | ||
|---|---|---|---|
| 001 | 133225 | ||
| 003 | ES-MaACL | ||
| 005 | 20250911214447.0 | ||
| 007 | t| | ||
| 008 | 070214s1977 sp r ||||1| spa d | ||
| 100 | 1 |
_aRubio Cremades, Enrique. _9100398 |
|
| 245 | 1 | 0 |
_aCostumbrismo y folletÃn _b: vida y obra de Antonio Flores / _cEnrique Rubio Cremades. |
| 260 |
_aAlicante : _bInstituto de Estudios Alicantinos, _c1977. |
||
| 300 |
_a3 v. ; _c21 cm. |
||
| 490 | 1 |
_aPublicaciones del Instituto de Estudios Alicantinos. Serie I ; _v32, 37, 53 |
|
| 500 | _aIndice de la revista literaria El "Laberinto" : p. 109-128. | ||
| 600 | 0 | 4 |
_aFlores, Antonio, _d1818-1865 _951252 |
| 710 | 2 |
_aInstituto de Estudios Alicantinos. _94886 |
|
| 830 | 0 |
_aPublicaciones del Instituto de Estudios Alicantinos. Serie I ; _v32, 37, 53 _9183372 |
|
| 852 |
_aES-MaACL _jL-1311-13 |
||
| 999 |
_c133225 _d133225 |
||